Microsoft Access 2 for Windows : βήμα βήμα : εύχρηστα εκπαιδευτικά μαθήματα, στο δικό σας ρυθμό
Αποθηκεύτηκε σε:
| Άλλοι συγγραφείς: | |
|---|---|
| Μορφή: | Βιβλίο |
| Γλώσσα: | Greek English |
| Δημοσίευση: |
[Αθήνα] :
Κλειδάριθμος,
[c1994].
|
| Θέματα: | |
| Ετικέτες: |
Προσθήκη ετικέτας
Δεν υπάρχουν, Καταχωρήστε ετικέτα πρώτοι!
|
MARC
| LEADER | 00000cam a2200000 i 4500 | ||
|---|---|---|---|
| 001 | 1/83249 | ||
| 008 | 960904s1994 gr | ||| |||| ||gre|| | ||
| 020 | |a 9603320250 | ||
| 035 | |a 1995 |b 3 |c Τσολακίδης |l 10034146 | ||
| 035 | |a 1997 |b 3 |c Τσολακίδης | ||
| 040 | |a GR-MyUa |b gre |e AACR2 | ||
| 041 | 1 | |a gre |h eng | |
| 082 | 7 | |a 005.7565 |2 (22) | |
| 245 | 0 | 0 | |a Microsoft Access 2 for Windows : |b βήμα βήμα : εύχρηστα εκπαιδευτικά μαθήματα, στο δικό σας ρυθμό / |c μετάφραση: Παναγιώτης Σταυρόπουλος. |
| 246 | 1 | |i Άλλες παραλλαγές του τίτλου: |a Access 2 | |
| 260 | |a [Αθήνα] : |b Κλειδάριθμος, |c [c1994]. | ||
| 300 | |a 423 σ. ; |c 24 εκ. + |e 1 δισκέτα | ||
| 500 | |a Μετάφραση του: Microsoft access 2 for windows step by step. | ||
| 630 | 0 | 0 | |a Microsoft Access. |
| 650 | 0 | |a Database management. | |
| 700 | 1 | |a Σταυρόπουλος, Παναγιώτης, |e trl | |
| 852 | |a INST |b RHODES |e 19980601 |h 005.7565 MIC |p 005400006435 |q 005400006435 |t BK |y 0 | ||
| 852 | |a INST |b RHODES |e 19960904 |h 005.7565 MIC |p 005400011591 |q 005400011591 |t BK |y 0 | ||
| 852 | |a INST |b RHODES |e 19980601 |h 005.7565 MIC |p 005400005938 |q 005400005938 |t BK |y 0 | ||
| 852 | |a INST |b RHODES |e 19960904 |h 005.7565 MIC |p 005400005939 |q 005400005939 |t BK |y 0 | ||